000 01193cam a2200325 i 4500
001 009054038
003 EG-ScBUE
005 20240310121902.0
008 030904s1967 enkb f bd 001 0 eng d
020 _a9780140441871
040 _aEG-ScBUE
_beng
_erda
_cEG-ScBUE
_dEG-ScBUE
043 _ae------
_aff-----
_aaw-----
082 0 4 _a937.05
_222
_bCAE
100 1 _aCaesar, Julius,
_eauthor.
_933586
245 1 4 _aThe civil war /
_cJulius Caesar ; together with the Alexandrian war, the African war, and the Spanish war by other hands ; translated with an introduction by Jane F. Gardner.
264 1 _aLondon :
_bPenguin Books,
_c1967.
300 _a368 pages :
_bmaps ;
_c20 cm.
336 _2rdacontent
_atext
_btxt
337 _aunmediated
_2rdamedia
_bn
338 _avolume
_bnc
_2rdacarrier
490 0 _aPenguin classics
500 _aIncludes glossary.
504 _aIncludes bibliographical references and index.
546 _aText in English ; translated from the Latin language.
651 7 _aRome
_xHistory
_yCivil War, 49-48 B.C.
_2BUEsh
_933589
653 _cSeptember2013
655 _vReading book
700 1 _aGardner, Jane F.,
_etranslator.
_933590
942 _2ddc
_cBB
999 _c17510
_d17482